[Event "Hastings Chess Congress"]
[Site "Hastings ENG"]
[Date "2006.01.04"]
[EventDate "2005.12.28"]
[Round "8"]
[Result "1/2-1/2"]
[White "Sahaj Grover"]
[Black "Claus Norregaard"]
[WhiteElo "1997"]
[BlackElo "2205"]
[PlyCount "60"]

1. e4 e6 2. d4 d5 3. Nc3 Nf6 4. Bg5 Be7 5. e5 Nfd7 6. Bxe7
Qxe7 7. f4 O-O 8. Nf3 c5 9. Qd2 Nc6 10. dxc5 Qxc5 11. Bd3 f6
12. exf6 Rxf6 13. O-O-O b5 14. Bxb5 Rb8 15. Bxc6 Qxc6 16. Nd4
Qb6 17. Nb3 Qc7 18. g3 Nb6 19. Qd4 Nc4 20. Rde1 a5 21. Nd1 Rb4
22. Qc5 Qb8 23. Nd4 Rxb2 24. Nxb2 Qxb2+ 25. Kd1 Ba6 26. Qa7
Qc3 27. Nb3 Nb2+ 28. Kc1 Nd3+ 29. Kd1 Nb2+ 30. Kc1 Nd3+
1/2-1/2

[Event "Hastings Chess Congress"]
[Site "Hastings ENG"]
[Date "2006.01.04"]
[EventDate "2005.12.28"]
[Round "8"]
[Result "1-0"]
[White "Valery Neverov"]
[Black "Milos Pavlovic"]
[WhiteElo "2569"]
[BlackElo "2507"]
[PlyCount "73"]

1. d4 Nf6 2. c4 g6 3. Nc3 d5 4. Bg5 Ne4 5. Bh4 Nxc3 6. bxc3
dxc4 7. Qa4+ Qd7 8. Qxc4 b6 9. e3 Ba6 10. Qb3 Bxf1 11. Kxf1
Bg7 12. Nf3 O-O 13. Ke2 c5 14. Rhd1 Nc6 15. dxc5 Qc8 16. Rab1
bxc5 17. Qc4 Rb8 18. Rxb8 Qxb8 19. Qxc5 Rc8 20. Bxe7 Qb7
21. Bd6 Qa6+ 22. Rd3 Na5 23. Qd5 Nc4 24. Ng5 Nb2 25. Qxf7+ Kh8
26. Qd5 h6 27. Ne4 Nxd3 28. Qxd3 Qxa2+ 29. Kf3 Qe6 30. g4 a5
31. h3 Qc4 32. Ke2 Qa2+ 33. Kf3 Rd8 34. c4 a4 35. Qd5 Qb3
36. Qe6 a3 37. Qxg6 1-0

[Event "Hastings Chess Congress"]
[Site "Hastings ENG"]
[Date "2006.01.04"]
[EventDate "2005.12.28"]
[Round "8"]
[Result "1/2-1/2"]
[White "David Ledger"]
[Black "Willy Hendriks"]
[WhiteElo "2278"]
[BlackElo "2402"]
[PlyCount "88"]

1. e4 d6 2. d4 Nf6 3. Nc3 g6 4. g3 Bg7 5. Bg2 O-O 6. Nge2 Na6
7. O-O c5 8. h3 cxd4 9. Nxd4 Nc5 10. Re1 Bd7 11. Be3 Rc8
12. Qd2 a6 13. a4 e5 14. Nb3 Nxb3 15. cxb3 Be6 16. Nd5 Bxd5
17. exd5 Re8 18. Rac1 e4 19. Rxc8 Qxc8 20. Bf4 Qf5 21. g4 Qxd5
22. Qxd5 Nxd5 23. Bxd6 Rd8 24. Ba3 f5 25. gxf5 gxf5 26. Rd1
Bf6 27. Bf1 Kg7 28. b4 Nf4 29. Rxd8 Bxd8 30. b5 axb5 31. Bxb5
Nxh3+ 32. Kf1 Nf4 33. Bd6 Nd3 34. b4 Kf6 35. Ke2 Ke6 36. Bf8
Nf4+ 37. Kf1 Be7 38. Bc4+ Kd6 39. Bxe7+ Kxe7 40. a5 Kd6 41. b5
Kc5 42. a6 bxa6 43. bxa6 Kb6 44. Bg8 Kxa6 1/2-1/2

[Event "Hastings Chess Congress"]
[Site "Hastings ENG"]
[Date "2006.01.04"]
[EventDate "2005.12.28"]
[Round "8"]
[Result "0-1"]
[White "Gudmundur Kjartansson"]
[Black "Vincent Colin"]
[WhiteElo "2257"]
[BlackElo "2375"]
[PlyCount "82"]

1. e4 c5 2. Nf3 Nc6 3. d4 cxd4 4. Nxd4 g6 5. c4 Bg7 6. Nc2 Nf6
7. Nc3 O-O 8. Be2 d6 9. O-O Be6 10. Be3 Nd7 11. Qd2 Qa5
12. Nd5 Qxd2 13. Bxd2 Nc5 14. Bg5 Nxe4 15. Nxe7+ Nxe7 16. Bxe7
Rfe8 17. f3 Rxe7 18. fxe4 Bxb2 19. Rad1 Be5 20. Nb4 Rc8
21. Nd5 Bxd5 22. Rxd5 Rc6 23. Rb1 Ra6 24. Rd2 Bf4 25. Rc2 Ra3
26. Bf3 b6 27. h3 Rc7 28. Rb5 h5 29. Kf2 Kg7 30. Rb3 Ra5
31. Be2 h4 32. Bd3 Rg5 33. Rb5 Be5 34. Re2 Bd4+ 35. Ke1 Rg3
36. Kd2 Bc5 37. Rb1 Re7 38. Rf1 Re5 39. Rf4 Bb4+ 40. Kc2 Ra5
41. Kb3 Bc5 0-1

[Event "Hastings Chess Congress"]
[Site "Hastings ENG"]
[Date "2006.01.04"]
[EventDate "2005.12.28"]
[Round "8"]
[Result "1/2-1/2"]
[White "Snorri Bergsson"]
[Black "Jovanka Houska"]
[WhiteElo "2266"]
[BlackElo "2351"]
[PlyCount "95"]

1. e4 e5 2. Nf3 Nc6 3. Bb5 a6 4. Ba4 Nf6 5. O-O b5 6. Bb3 Bc5
7. a4 Bb7 8. d3 d6 9. Nc3 b4 10. Nd5 h6 11. Be3 O-O 12. Qd2
Nxd5 13. Bxd5 Qf6 14. Bxc5 dxc5 15. Bxc6 Bxc6 16. Qe3 Qd6
17. Nd2 Qd4 18. Nb3 Qxb2 19. Qxc5 Qc3 20. Qxc3 bxc3 21. Nc5
Rfb8 22. Ra3 Rb4 23. Rfa1 Kf8 24. Rxc3 Be8 25. Kf1 Ke7 26. Rb3
Rxb3 27. Nxb3 Kd6 28. Ke2 Rb8 29. Kd2 Rb4 30. a5 f6 31. Kc3 c5
32. Nd2 Bf7 33. Rb1 Rb5 34. Rxb5 axb5 35. Nb3 Kc6 36. h4 h5
37. g3 g6 38. Kb2 g5 39. Nd2 gxh4 40. gxh4 Kb7 41. Nf1 Ka6
42. Ng3 Kxa5 43. Nf5 Kb6 44. Nd6 Bg6 45. Kc3 Kc6 46. Nc8 Bf7
47. Ne7+ Kd7 48. Nf5 1/2-1/2

[Event "Hastings Chess Congress"]
[Site "Hastings ENG"]
[Date "2006.01.04"]
[EventDate "2005.12.28"]
[Round "8"]
[Result "0-1"]
[White "Alexandra Wilson"]
[Black "Wolfram Schoen"]
[WhiteElo "2101"]
[BlackElo "2415"]
[PlyCount "59"]

1. e4 c5 2. Nf3 Nc6 3. Bb5 Nf6 4. e5 Nd5 5. O-O Qc7 6. Re1 a6
7. Bf1 e6 8. c3 d6 9. d4 cxd4 10. cxd4 dxe5 11. dxe5 Be7
12. Bd2 O-O 13. Nc3 Nxc3 14. Bxc3 b5 15. Rc1 Bb7 16. Bd3 Rfd8
17. Qc2 g6 18. h4 Nb4 19. Bxb4 Qxc2 20. Bxc2 Bxb4 21. Red1
Bxf3 22. gxf3 Bd2 23. Rb1 Rd4 24. Be4 Rad8 25. Kf1 Kg7 26. b3
b4 27. Ke2 Kh6 28. Rb2 Bc3 29. Rxd4 Rxd4 30. Ke3 0-1

[Event "Hastings Chess Congress"]
[Site "Hastings ENG"]
[Date "2006.01.04"]
[EventDate "2005.12.28"]
[Round "8"]
[Result "0-1"]
[White "Nigel P Donovan"]
[Black "Dagur Arngrimsson"]
[WhiteElo "2136"]
[BlackElo "2289"]
[PlyCount "54"]

1. e4 e5 2. Bc4 Nf6 3. d3 c6 4. Nf3 d5 5. Bb3 Nbd7 6. O-O Bd6
7. Nc3 dxe4 8. Ng5 O-O 9. Ncxe4 Nxe4 10. Nxe4 Nc5 11. Qh5 Nxb3
12. axb3 f5 13. Nxd6 Qxd6 14. Bd2 b5 15. b4 c5 16. Qh4 f4
17. bxc5 Qxc5 18. Rac1 Bb7 19. Rfe1 Rf6 20. b4 Qd4 21. Kh1 Re8
22. f3 Rh6 23. Qg4 Ree6 24. h3 Reg6 25. Qf5 Qf2 26. Rg1 Rg3
27. Rcf1 Rgxh3+ 0-1

[Event "Hastings Chess Congress"]
[Site "Hastings ENG"]
[Date "2006.01.04"]
[EventDate "2005.12.28"]
[Round "8"]
[Result "0-1"]
[White "Daniel McGowan"]
[Black "Francis Rayner"]
[WhiteElo "2122"]
[BlackElo "2212"]
[PlyCount "50"]

1. e4 c5 2. c3 Nf6 3. Bd3 Nc6 4. Nf3 d5 5. e5 Ng4 6. Bb5 Bd7
7. Bxc6 bxc6 8. d4 Qb6 9. O-O e6 10. Nbd2 cxd4 11. cxd4 c5
12. h3 Nh6 13. dxc5 Bxc5 14. Nb3 Bb5 15. Nxc5 Bxf1 16. Na4 Qa6
17. Nc3 Bd3 18. Bg5 Nf5 19. Qd2 h6 20. Bf4 Be4 21. Nd4 O-O
22. Nb3 Qd3 23. Qe1 Bxg2 24. Be3 Nxe3 25. fxe3 Bxh3 0-1

[Event "Hastings Chess Congress"]
[Site "Hastings ENG"]
[Date "2006.01.04"]
[EventDate "2005.12.28"]
[Round "8"]
[Result "1-0"]
[White "Martin P Burrows"]
[Black "Peter Straub"]
[WhiteElo "2200"]
[BlackElo "2081"]
[PlyCount "47"]

1. e4 c5 2. Nf3 e6 3. d4 cxd4 4. Nxd4 a6 5. Bd3 Qc7 6. O-O Nc6
7. Be3 Nf6 8. Nc3 Bd6 9. h3 h5 10. Nxc6 bxc6 11. f4 e5 12. f5
Bb4 13. a3 Be7 14. Na4 c5 15. c4 Bb7 16. Nc3 O-O-O 17. Nd5
Nxd5 18. cxd5 Rdg8 19. Qa4 Kd8 20. Bxa6 f6 21. Bc4 d6 22. Bd2
Qb8 23. Bb5 g6 24. Ba5+ 1-0

[Event "Hastings Chess Congress"]
[Site "Hastings ENG"]
[Date "2006.01.04"]
[EventDate "2005.12.28"]
[Round "8"]
[Result "1/2-1/2"]
[White "Baptiste Le Bailly"]
[Black "Robert Eames"]
[WhiteElo "2106"]
[BlackElo "2320"]
[PlyCount "91"]

1. e4 e5 2. Nf3 Nc6 3. Bb5 f5 4. Nc3 Nf6 5. Qe2 fxe4 6. Nxe4
d5 7. Nxf6+ gxf6 8. d4 Bg7 9. dxe5 O-O 10. Bxc6 bxc6 11. e6
Re8 12. O-O c5 13. Rd1 Bxe6 14. Bf4 Qd7 15. Qd3 Rad8 16. Qa3
Qc6 17. Qxa7 Rd7 18. Qa3 d4 19. Re1 c4 20. Rad1 Bf8 21. Nxd4
Qb7 22. Qe3 Rg7 23. Qe4 Bc8 24. Qxb7 Rxe1+ 25. Rxe1 Bxb7
26. Re8 Rxg2+ 27. Kf1 Rg6 28. Ne6 Kf7 29. Nxf8 Kxe8 30. Nxg6
hxg6 31. Bxc7 Kd7 32. Bb6 Be4 33. Ke2 Bxc2 34. Ke3 Kc6 35. Bd8
f5 36. Kd4 Kb5 37. Kc3 Bb1 38. a4+ Kxa4 39. Kxc4 Ba2+ 40. Kc3
Kb5 41. b3 Bb1 42. f3 Kc6 43. Kd2 Kd5 44. b4 Kc4 45. Be7 f4
46. Bg5 1/2-1/2

[Event "Hastings Chess Congress"]
[Site "Hastings ENG"]
[Date "2006.01.05"]
[EventDate "2005.12.28"]
[Round "9"]
[Result "0-1"]
[White "Erik Zude"]
[Black "Piotr Bobras"]
[WhiteElo "2426"]
[BlackElo "2563"]
[PlyCount "74"]

1. d4 d5 2. c4 c6 3. Nc3 Nf6 4. Nf3 e6 5. Bg5 dxc4 6. e4 b5
7. e5 h6 8. Bh4 g5 9. Nxg5 hxg5 10. Bxg5 Nbd7 11. g3 Rg8
12. h4 Rxg5 13. hxg5 Nd5 14. g6 fxg6 15. Qg4 Qe7 16. Bg2 Qf7
17. Be4 Ne7 18. Ne2 Bg7 19. Rc1 Bb7 20. b3 cxb3 21. axb3 O-O-O
22. Nf4 Nf8 23. d5 Bxe5 24. dxc6 Ba6 25. Nd3 Bd4 26. c7 Rd7
27. O-O Nd5 28. Bxd5 Rxd5 29. Nb4 Bb7 30. Nxd5 Bxd5 31. Rcd1
Qh7 32. Qh4 Qxh4 33. gxh4 e5 34. Rfe1 Bxb3 35. Rxd4 exd4
36. Re8+ Kxc7 37. Rxf8 d3 0-1

[Event "Hastings Chess Congress"]
[Site "Hastings ENG"]
[Date "2006.01.05"]
[EventDate "2005.12.28"]
[Round "9"]
[Result "1-0"]
[White "Vincent Colin"]
[Black "Jack Rudd"]
[WhiteElo "2375"]
[BlackElo "2281"]
[PlyCount "75"]

1. c4 Nf6 2. Nc3 g6 3. e4 d6 4. d4 Bg7 5. f4 O-O 6. Nf3 c5
7. d5 e6 8. Be2 exd5 9. cxd5 Bg4 10. O-O Nbd7 11. h3 Bxf3
12. Bxf3 c4 13. Be3 a6 14. Bd4 Re8 15. Qd2 b5 16. Rae1 Qc7
17. Re2 Nc5 18. e5 Nfd7 19. e6 Nf6 20. f5 Nd3 21. fxg6 hxg6
22. Bxf6 Bxf6 23. Be4 Bd4+ 24. Kh1 fxe6 25. dxe6 Rf8 26. Rf7
Rxf7 27. exf7+ Kg7 28. Bxa8 Qxf7 29. Bf3 Be5 30. Qg5 Qa7
31. Be4 Nf2+ 32. Rxf2 Qxf2 33. Qxg6+ Kf8 34. Qf5+ Qxf5
35. Bxf5 Kf7 36. Kg1 b4 37. Nd5 a5 38. b3 1-0

[Event "Hastings Chess Congress"]
[Site "Hastings ENG"]
[Date "2006.01.05"]
[EventDate "2005.12.28"]
[Round "9"]
[Result "1/2-1/2"]
[White "Jean-Pierre Le Roux"]
[Black "Simon T Ansell"]
[WhiteElo "2497"]
[BlackElo "2383"]
[PlyCount "134"]

1. d4 d5 2. Nf3 Nf6 3. c4 c6 4. Nc3 dxc4 5. a4 Bf5 6. e3 e6
7. Bxc4 Bb4 8. O-O O-O 9. Nh4 Nbd7 10. f3 Bg6 11. Kh1 e5
12. Nxg6 hxg6 13. Bb3 exd4 14. exd4 Qa5 15. Ne4 Nd5 16. Qd3
Rae8 17. f4 N7f6 18. Nxf6+ Nxf6 19. f5 gxf5 20. Bf4 g6 21. Qg3
Kg7 22. Be5 Rxe5 23. Qxe5 Re8 24. Qxa5 Bxa5 25. Rac1 Re4
26. d5 cxd5 27. Rc5 b6 28. Rc7 a6 29. Bd1 Bb4 30. h3 Rd4
31. Bf3 Ne4 32. Rfc1 Bc5 33. a5 Nf2+ 34. Kg1 Nd3 35. Rc3 Nxb2
36. Kh1 Nc4 37. axb6 Bxb6 38. Rc6 Ba5 39. Rc2 Be1 40. Rxa6 Bg3
41. Ra1 Ne3 42. Rca2 Rb4 43. Ra7 Be5 44. Rc1 Rb2 45. Rd7 Rd2
46. Re1 d4 47. Rb1 Rc2 48. Kg1 Kf6 49. h4 Ke6 50. Rd8 Ke7
51. Ra8 d3 52. Ra3 Bc3 53. Rbb3 Rc1+ 54. Kh2 Be5+ 55. g3 Rc2+
56. Kh3 Nf1 57. Bg2 Nxg3 58. Rb7+ Kf8 59. Bd5 Rc7 60. Rxc7
Bxc7 61. Ra7 Ne2 62. Rxc7 Nf4+ 63. Kg3 Nxd5 64. Rd7 Nf6
65. Rxd3 Nh5+ 66. Kf3 Ke7 67. Rb3 Ke6 1/2-1/2

[Event "Hastings Chess Congress"]
[Site "Hastings ENG"]
[Date "2006.01.05"]
[EventDate "2005.12.28"]
[Round "9"]
[Result "1-0"]
[White "Stephen Gordon"]
[Black "David Ledger"]
[WhiteElo "2411"]
[BlackElo "2278"]
[PlyCount "61"]

1. Nf3 f5 2. c4 Nf6 3. Nc3 e6 4. h3 b6 5. g4 Bb7 6. Bg2 Ne4
7. Qc2 Qf6 8. d3 Nxc3 9. Bg5 Qg6 10. Ne5 Qxg5 11. Bxb7 fxg4
12. Nxg4 Nc6 13. bxc3 Rb8 14. Bxc6 dxc6 15. Qa4 Kd7 16. d4 Bd6
17. Rd1 h5 18. Ne5+ Bxe5 19. dxe5+ Ke7 20. Qxc6 Qxe5 21. Rd7+
Kf6 22. Qf3+ Qf5 23. Qg3 g5 24. Rd3 Kg6 25. Qxc7 Rbc8 26. Qxa7
Ra8 27. Qb7 Rxa2 28. O-O g4 29. Re3 Kf6 30. Qxb6 gxh3 31. Rf3
1-0

[Event "Hastings Chess Congress"]
[Site "Hastings ENG"]
[Date "2006.01.05"]
[EventDate "2005.12.28"]
[Round "9"]
[Result "1-0"]
[White "Willy Hendriks"]
[Black "Gurpreet Pal Singh"]
[WhiteElo "2402"]
[BlackElo "2286"]
[PlyCount "63"]

1. e4 e6 2. d4 d5 3. e5 c5 4. c3 Qb6 5. Nf3 Nc6 6. a3 f6
7. Bd3 c4 8. Bc2 fxe5 9. Nxe5 Nxe5 10. dxe5 Ne7 11. O-O Bd7
12. Nd2 O-O-O 13. b3 Qc7 14. Qe2 Kb8 15. Rb1 cxb3 16. Nxb3 Nc6
17. Re1 Rc8 18. Be3 Na5 19. Bd4 Nc4 20. Bd3 Ba4 21. Nd2 Nxd2
22. Qxd2 Ka8 23. Qf4 Be8 24. Qg4 Qf7 25. Qg5 Bxa3 26. Ra1 Qf8
27. Re2 Bc5 28. Rea2 Bg6 29. Qe3 a6 30. Bxa6 bxa6 31. Rxa6+
Kb7 32. Qe2 1-0

[Event "Hastings Chess Congress"]
[Site "Hastings ENG"]
[Date "2006.01.05"]
[EventDate "2005.12.28"]
[Round "9"]
[Result "0-1"]
[White "Petr Marusenko"]
[Black "Watu Kobese"]
[WhiteElo "2342"]
[BlackElo "2400"]
[PlyCount "54"]

1. d4 Nf6 2. Nf3 e6 3. e3 d5 4. Bd3 c5 5. b3 Nc6 6. O-O Be7
7. Bb2 O-O 8. c4 b6 9. Nbd2 Bb7 10. Qe2 Re8 11. Rad1 a6
12. Bb1 cxd4 13. exd4 dxc4 14. bxc4 b5 15. Ne4 Na5 16. d5 exd5
17. cxd5 Nc4 18. Nfg5 Nxb2 19. Nxf6+ Bxf6 20. Qh5 Bxg5
21. Qxh7+ Kf8 22. d6 f5 23. Bxf5 Nxd1 24. Bg6 Bd5 25. Bxe8
Qxd6 26. Rxd1 Rxe8 27. Qf5+ Bf7 0-1

[Event "Hastings Chess Congress"]
[Site "Hastings ENG"]
[Date "2006.01.05"]
[EventDate "2005.12.28"]
[Round "9"]
[Result "0-1"]
[White "Felix J Kwiatkowski"]
[Black "Andrew Greet"]
[WhiteElo "2223"]
[BlackElo "2428"]
[PlyCount "96"]

1. e4 e5 2. Nf3 Nc6 3. Bb5 a6 4. Ba4 Nf6 5. O-O Be7 6. Re1 b5
7. Bb3 d6 8. c3 O-O 9. h3 Na5 10. Bc2 c5 11. d4 Nd7 12. Nbd2
exd4 13. cxd4 Nc6 14. d5 Nce5 15. Nxe5 Nxe5 16. a4 Rb8
17. axb5 axb5 18. f4 Ng6 19. Nf3 Bh4 20. Nxh4 Qxh4 21. Rf1 Re8
22. Ra3 b4 23. Raf3 Ba6 24. Re1 Bc4 25. Kh2 Ra8 26. b3 Bb5
27. Rg3 Ra1 28. Qf3 f5 29. e5 dxe5 30. Bxf5 exf4 31. Rxe8+
Bxe8 32. Rg4 Qf6 33. Be6+ Bf7 34. Bxf7+ Qxf7 35. Bxf4 h5
36. Rxg6 Qxg6 37. d6 Qf5 38. Qe3 Rd1 39. Qe8+ Kh7 40. Be5 Rd5
41. Bg3 Rd2 42. Qc6 Qd5 43. Qxd5 Rxd5 44. Bf2 c4 45. bxc4 Rxd6
46. Bc5 b3 47. Bxd6 b2 48. c5 b1=Q 0-1

[Event "Hastings Chess Congress"]
[Site "Hastings ENG"]
[Date "2006.01.05"]
[EventDate "2005.12.28"]
[Round "9"]
[Result "1-0"]
[White "Robert Eames"]
[Black "James C Mansson"]
[WhiteElo "2320"]
[BlackElo "2114"]
[PlyCount "59"]

1. d4 d5 2. Bg5 h6 3. Bh4 c6 4. Nc3 Qb6 5. Rb1 Bf5 6. e3 Nd7
7. f4 Ngf6 8. Bd3 e6 9. Nf3 Bd6 10. O-O Ne4 11. Bxe4 dxe4
12. Nd2 Nf6 13. Bxf6 gxf6 14. Ncxe4 Be7 15. b4 Rg8 16. c4 Bg4
17. Qc2 f5 18. Nf2 O-O-O 19. c5 Qc7 20. Nxg4 Rxg4 21. Nc4 Rdg8
22. Rf2 Bh4 23. Re2 f6 24. b5 cxb5 25. Rxb5 Kd7 26. Nd6 b6
27. d5 exd5 28. Qxf5+ Ke7 29. Qxd5 bxc5 30. Rb7 1-0

[Event "Hastings Chess Congress"]
[Site "Hastings ENG"]
[Date "2006.01.05"]
[EventDate "2005.12.28"]
[Round "9"]
[Result "1/2-1/2"]
[White "Li Wu"]
[Black "Alexander Khantuev"]
[WhiteElo "2287"]
[BlackElo "2302"]
[PlyCount "101"]

1. d4 d5 2. Nf3 c5 3. c3 e6 4. Bf4 Nc6 5. e3 Nf6 6. Nbd2 Bd6
7. Bg3 Bxg3 8. hxg3 Qb6 9. Qb3 Bd7 10. Be2 O-O 11. Ne5 Rfc8
12. Ndf3 Be8 13. g4 Qxb3 14. axb3 Nxe5 15. Nxe5 Ne4 16. Bd3 b5
17. dxc5 f6 18. Nf3 Nxc5 19. Bxh7+ Kf7 20. b4 Na4 21. Bd3 Nxb2
22. Kd2 Na4 23. Ra3 Rc7 24. g5 Rac8 25. gxf6 Kxf6 26. Rh8 a6
27. Nd4 Bd7 28. Rxc8 Bxc8 29. Ne2 e5 30. Bc2 Nb6 31. Bb3 g5
32. Ra1 Rh7 33. Ng3 Rh4 34. Rh1 Bb7 35. f3 d4 36. cxd4 exd4
37. exd4 Rxd4+ 38. Kc3 Rh4 39. f4 Rxh1 40. fxg5+ Kxg5 41. Nxh1
Bxg2 42. Nf2 Kf6 43. Nd3 Nd7 44. Bd1 Ke7 45. Bg4 Nb8 46. Nc5
Kd6 47. Be2 Bc6 48. Kd4 Be8 49. Bf3 Bc6 50. Be2 Bd5 51. Nxa6
1/2-1/2

[Event "Hastings Chess Congress"]
[Site "Hastings ENG"]
[Date "2006.01.05"]
[EventDate "2005.12.28"]
[Round "9"]
[Result "1/2-1/2"]
[White "Dag Madsen"]
[Black "Takaedza Chipanga"]
[WhiteElo "2301"]
[BlackElo "2189"]
[PlyCount "76"]

1. Nf3 c5 2. c4 Nc6 3. Nc3 e5 4. g3 g6 5. Bg2 Bg7 6. d3 Nge7
7. Nd2 d6 8. Nf1 h6 9. Ne3 O-O 10. a3 a6 11. O-O Rb8 12. Rb1
b5 13. cxb5 axb5 14. b4 cxb4 15. axb4 Be6 16. Ned5 f5 17. Bd2
Kh7 18. Rc1 Qd7 19. f4 Rfe8 20. Nxe7 Nxe7 21. e3 Rbc8 22. Qf3
Rc7 23. Ne2 Rec8 24. Rxc7 Rxc7 25. Rc1 Rxc1+ 26. Nxc1 Bd5
27. Qe2 Qc6 28. Bxd5 Qxd5 29. e4 Qd4+ 30. Kg2 Nc6 31. Qf2 exf4
32. Qxd4 Bxd4 33. gxf4 Bb2 34. Na2 Kg7 35. exf5 gxf5 36. Bc3+
Bxc3 37. Nxc3 Nxb4 38. Nxb5 Nxd3 1/2-1/2

[Event "Hastings Chess Congress"]
[Site "Hastings ENG"]
[Date "2006.01.05"]
[EventDate "2005.12.28"]
[Round "9"]
[Result "0-1"]
[White "Dagur Arngrimsson"]
[Black "Alan Grant Kerr"]
[WhiteElo "2289"]
[BlackElo "2152"]
[PlyCount "170"]

1. e4 c5 2. c3 Nf6 3. e5 Nd5 4. d4 cxd4 5. Nf3 Nc6 6. cxd4 d6
7. Bc4 Nb6 8. Bb5 dxe5 9. Nxe5 Bd7 10. Nxd7 Qxd7 11. Nc3 Rd8
12. O-O e6 13. Be3 Be7 14. Bxc6 bxc6 15. Qg4 O-O 16. Bh6 Qxd4
17. Qxd4 Rxd4 18. Be3 Rd7 19. Ne4 Nd5 20. Bc5 f5 21. Bxe7 Rxe7
22. Nc5 e5 23. Rac1 e4 24. Nb3 Nb4 25. Rc4 Nd3 26. Rxc6 Nxb2
27. Nc5 Rfe8 28. h4 Nc4 29. Rd1 f4 30. Rd4 Ne5 31. Rcd6 e3
32. fxe3 fxe3 33. Kf1 e2+ 34. Ke1 Nf7 35. Rd7 Re5 36. R7d5 Re3
37. Rd3 R3e7 38. Rd2 Nh6 39. Rd8 Nf5 40. Rxe8+ Rxe8 41. Rxe2
Rxe2+ 42. Kxe2 Nxh4 43. Kf2 Kf7 44. Kg3 Ng6 45. Kg4 Ne5+
46. Kf5 Nc6 47. Ke4 g6 48. a3 h5 49. Kd5 Ne7+ 50. Ke5 Nf5
51. Kf4 Nh4 52. g3 Ng2+ 53. Kg5 Ne1 54. Ne4 Kg7 55. Nd6 Nf3+
56. Kf4 Nd4 57. a4 Ne6+ 58. Ke5 Nc5 59. a5 Nb3 60. a6 Nc5
61. Nb5 Nxa6 62. Nxa7 Nc5 63. Nb5 Kh6 64. Kf4 Nd3+ 65. Kf3 Kg5
66. Nd4 Nc5 67. Kg2 Kg4 68. Nf3 Nd3 69. Nh2+ Kf5 70. g4+ hxg4
71. Kg3 Ne5 72. Nf1 Nc4 73. Kf2 Nd6 74. Ne3+ Kg5 75. Nd5 Nf5
76. Kg2 Kh4 77. Nf4 Ne7 78. Kf2 g5 79. Ne6 Nf5 80. Kg2 g3
81. Kf3 Kh3 82. Nxg5+ Kh2 83. Kf4 Nd4 84. Kg4 g2 85. Nh3 Nf3
0-1

[Event "Hastings Chess Congress"]
[Site "Hastings ENG"]
[Date "2006.01.05"]
[EventDate "2005.12.28"]
[Round "9"]
[Result "1-0"]
[White "Helgi Dam Ziska"]
[Black "Michael F G Duggan"]
[WhiteElo "2251"]
[BlackElo "2082"]
[PlyCount "137"]

1. e4 c5 2. Nf3 d6 3. d4 cxd4 4. Nxd4 Nf6 5. Nc3 g6 6. Be3 Bg7
7. f3 Nc6 8. Qd2 O-O 9. O-O-O Nxd4 10. Bxd4 Be6 11. Kb1 Qc7
12. Nd5 Bxd5 13. exd5 Rfc8 14. Rc1 Qd7 15. g4 Qa4 16. c4 b5
17. b3 Qa3 18. Bb2 Qc5 19. g5 Nd7 20. cxb5 Qb6 21. Rc6 Rxc6
22. dxc6 Ne5 23. Be2 Qf2 24. Rf1 Qg2 25. f4 Ng4 26. Bxg7 Kxg7
27. Qc3+ Kg8 28. Qf3 Qxf3 29. Rxf3 e5 30. Rc3 Nf2 31. c7 Rc8
32. b6 axb6 33. Ba6 Ne4 34. Rc2 Rxc7 35. Rxc7 exf4 36. h4 Nd2+
37. Kc1 Nf3 38. Rc4 Nxh4 39. Rxf4 Nf5 40. Rxf5 gxf5 41. a4 f6
42. Bc4+ Kg7 43. b4 fxg5 44. a5 bxa5 45. bxa5 g4 46. a6 g3
47. Bf1 f4 48. a7 f3 49. a8=Q g2 50. Bxg2 fxg2 51. Qxg2+ Kf6
52. Kd2 h6 53. Kd3 Ke5 54. Qh2+ Kd5 55. Qxh6 Kc5 56. Qf8 Kd5
57. Qf5+ Kc6 58. Kc4 Kc7 59. Qb5 Kd8 60. Qb7 d5+ 61. Kxd5 Ke8
62. Ke6 Kd8 63. Qa8+ Kc7 64. Qa6 Kb8 65. Qc6 Ka7 66. Qb5 Ka8
67. Kd7 Ka7 68. Kc6 Ka8 69. Qb7# 1-0

[Event "Hastings Chess Congress"]
[Site "Hastings ENG"]
[Date "2006.01.05"]
[EventDate "2005.12.28"]
[Round "9"]
[Result "1-0"]
[White "Yves Duhayon"]
[Black "David Ian Calvert"]
[WhiteElo "2233"]
[BlackElo "2073"]
[PlyCount "85"]

1. d4 d5 2. Nf3 Nf6 3. c4 c6 4. Nc3 dxc4 5. a4 Bf5 6. Nh4 e6
7. Nxf5 exf5 8. e3 Bd6 9. Bxc4 O-O 10. h3 Nbd7 11. g4 Ne4
12. gxf5 Nxc3 13. bxc3 Qa5 14. Qd3 b5 15. Ba2 b4 16. Rg1 Rae8
17. Kf1 Nf6 18. f3 Nd5 19. c4 Nf6 20. e4 Nh5 21. f4 Qxa4
22. e5 b3 23. Qxb3 Qxb3 24. Bxb3 Bb4 25. Bd1 Bc3 26. Ra2 Bxd4
27. Rgg2 Nxf4 28. Bxf4 Bxe5 29. Bxe5 Rxe5 30. f6 Rf5+ 31. Rgf2
Rxf6 32. Rxf6 gxf6 33. Rxa7 Rd8 34. Bf3 Rd4 35. Ra4 c5 36. Bd5
Kg7 37. Ra5 Kg6 38. Rxc5 Kg5 39. Rc7 Kh4 40. Rxf7 Kxh3
41. Rxf6 h5 42. Be6+ Kg3 43. Ke2 1-0

[Event "Hastings Chess Congress"]
[Site "Hastings ENG"]
[Date "2006.01.05"]
[EventDate "2005.12.28"]
[Round "9"]
[Result "1-0"]
[White "Nicholas Tavoularis"]
[Black "Sarah N Hegarty"]
[WhiteElo "2211"]
[BlackElo "1892"]
[PlyCount "61"]

1. d4 Nf6 2. Nf3 g6 3. c4 Bg7 4. Nc3 d5 5. cxd5 Nxd5 6. g3 O-O
7. Bg2 Nxc3 8. bxc3 c5 9. O-O Nc6 10. d5 Ne5 11. Nxe5 Bxe5
12. Qd3 Rb8 13. Bh6 Bg7 14. Bf4 Ra8 15. e4 Qa5 16. Bd2 b5
17. f4 b4 18. e5 Ba6 19. c4 Qa4 20. Qb3 Qd7 21. Rae1 Rac8
22. e6 fxe6 23. Bh3 Bd4+ 24. Kh1 Rf6 25. Bxe6+ Rxe6 26. Rxe6
Bb7 27. Rfe1 Kf8 28. f5 Bf6 29. fxg6 hxg6 30. Qf3 Kg7
31. Qxf6+ 1-0

[Event "Hastings Chess Congress"]
[Site "Hastings ENG"]
[Date "2006.01.05"]
[EventDate "2005.12.28"]
[Round "9"]
[Result "1/2-1/2"]
[White "Claus Norregaard"]
[Black "Rasa Norinkeviciute"]
[WhiteElo "2205"]
[BlackElo "2082"]
[PlyCount "47"]

1. d4 g6 2. e4 d6 3. f4 Bg7 4. Nf3 e6 5. Bd3 Ne7 6. Be3 a6
7. O-O Nd7 8. f5 exf5 9. exf5 Nf6 10. Nc3 O-O 11. fxg6 fxg6
12. Qd2 Bf5 13. Bg5 Qd7 14. Rae1 Rae8 15. Ne4 Nxe4 16. Bxe4
Bxe4 17. Rxe4 d5 18. Rxe7 Rxe7 19. Bxe7 Qxe7 20. Re1 Qd7
21. Qe3 Qg4 22. c3 c6 23. h3 Qf5 24. Qe6+ 1/2-1/2

[Event "Hastings Chess Congress"]
[Site "Hastings ENG"]
[Date "2006.01.05"]
[EventDate "2005.12.28"]
[Round "9"]
[Result "1/2-1/2"]
[White "Dimitar Karapchanski"]
[Black "Matthew N Anderton"]
[WhiteElo "2270"]
[BlackElo "2205"]
[PlyCount "64"]

1. c4 e5 2. Nc3 Nf6 3. Nf3 Nc6 4. e3 Bb4 5. Qc2 O-O 6. Nd5 Re8
7. Qf5 d6 8. Nxf6+ gxf6 9. Qh5 d5 10. Bd3 e4 11. cxd5 Bf8
12. a3 exd3 13. dxc6 bxc6 14. b4 a5 15. Bb2 Re4 16. h3 axb4
17. axb4 Rxa1+ 18. Bxa1 Qd5 19. Qxd5 cxd5 20. Bxf6 Bxb4
21. O-O Re6 22. Bd4 Ba6 23. Rc1 c5 24. Bxc5 Rc6 25. Bxb4 Rxc1+
26. Kh2 Bb5 27. Nd4 Ba4 28. f3 Rc4 29. Ba5 Rc5 30. Bb4 Rc4
31. Ba5 Rc5 32. Bb4 Rc4 1/2-1/2

[Event "Hastings Chess Congress"]
[Site "Hastings ENG"]
[Date "2006.01.05"]
[EventDate "2005.12.28"]
[Round "9"]
[Result "0-1"]
[White "Sergey Erenburg"]
[Black "Valery Neverov"]
[WhiteElo "2582"]
[BlackElo "2569"]
[PlyCount "130"]

1. e4 e5 2. Nf3 Nc6 3. Bb5 a6 4. Ba4 Nf6 5. O-O Be7 6. Re1 b5
7. Bb3 d6 8. c3 O-O 9. h3 Nb8 10. d4 Nbd7 11. Nbd2 Bb7 12. Bc2
Re8 13. Nf1 Bf8 14. Ng3 g6 15. a4 Bg7 16. Bd3 c6 17. Bg5 Nf8
18. b4 Ne6 19. Be3 Nd7 20. Bf1 Qc7 21. Qc2 Nb6 22. dxe5 dxe5
23. a5 Nd7 24. c4 Rad8 25. Red1 Qb8 26. Qb3 Bc8 27. Ra2 Ndf8
28. Rc1 Nf4 29. Bb6 Rd7 30. Rac2 N8e6 31. Qc3 Bb7 32. Rd2 Rxd2
33. Qxd2 Bc8 34. Rd1 Bf8 35. Qc3 f6 36. Ne2 Nxe2+ 37. Bxe2 Nf4
38. Bf1 Be6 39. Kh2 Qc8 40. g3 Nh5 41. Nd2 Qd7 42. Qc2 Qf7
43. Nb3 Bxc4 44. Bxc4 Qxc4 45. Qxc4+ bxc4 46. Nc5 Bxc5
47. Bxc5 Ng7 48. Rd6 Re6 49. Rd7 c3 50. Rd3 f5 51. exf5 Nxf5
52. Rxc3 Kf7 53. g4 Ne7 54. Kg3 Nd5 55. Rf3+ Rf6 56. Rd3 Ke6
57. Rd1 e4 58. Rd4 Rf3+ 59. Kh4 Kf6 60. g5+ Kf5 61. Rxd5+ cxd5
62. b5 axb5 63. a6 h6 64. Be3 hxg5+ 65. Bxg5 Ra3 0-1